Glock In My Lap - 21 Savage & Metro Boomin (Full lyrics) - Statistics

General Stats
  • This quiz has been taken 12 times
  • The average score is 267 of 452
Answer Stats
Lyrics % Correct
I
100%
a
90%
B
90%
D
90%
E.
90%
E
90%
Get
90%
get
90%
he
90%
He
90%
I'm
90%
like
90%
M
90%
mama
90%
my
90%
the
90%
The
90%
yo'
90%
you
90%
You
90%
your
90%
AK
80%
baby
80%
bend
80%
Big
80%
December
80%
down
80%
Glock
80%
in
80%
it
80%
knockin'
80%
me,
80%
me
80%
member
80%
nigga
80%
nigga,
80%
no
80%
No
80%
not
80%
Not
80%
of
80%
on
80%
opp
80%
P
80%
smoke
80%
smoke,
80%
timber
80%
trees,
80%
we
80%
4L,
70%
All
70%
all
70%
an
70%
bus
70%
cold,
70%
don't
70%
Don't
70%
'em
70%
everywhere
70%
for
70%
'fore
70%
got
70%
her
70%
it's
70%
lap,
70%
Leave
70%
out
70%
them
70%
they
70%
when
70%
.45
60%
ain't
60%
back
60%
bitch,
60%
bitch
60%
business
60%
fender
60%
flag,
60%
Fuck
60%
Givin'
60%
givin'
60%
Hit
60%
know
60%
man
60%
Money
60%
money,
60%
off
60%
pray
60%
strap
60%
strapped
60%
surrender
60%
Throw
60%
white
60%
windshield,
60%
with
60%
21,
50%
agenda
50%
been
50%
black
50%
block,
50%
but
50%
But
50%
can
50%
can't
50%
cap,
50%
Cheese,
50%
cheese
50%
Chuck
50%
damn
50%
full
50%
Full-
50%
gentleman
50%
give
50%
Gotta
50%
hold
50%
is
50%
Jigga
50%
kill
50%
killers
50%
Kimber
50%
knees,
50%
Most
50%
Playin'
50%
put
50%
rapper,
50%
rappers
50%
Spray
50%
Take
50%
take
50%
these
50%
to
50%
trust
50%
tux,
50%
us
50%
want
50%
Way
50%
whole
50%
and
40%
Body
40%
bun
40%
businessman
40%
call
40%
'Cause
40%
choppa
40%
come
40%
Elon
40%
eyes
40%
face
40%
fire
40%
flat,
40%
from
40%
gang
40%
Glenwood
40%
Glenwood,
40%
hand
40%
head,
40%
him
40%
look
40%
many
40%
middle
40%
Millionaire,
40%
mine,
40%
Musk
40%
opps
40%
plug
40%
rat,
40%
rock
40%
rodents
40%
Say
40%
scars,
40%
shakin'
40%
splat
40%
steppers,
40%
still
40%
tats
40%
think
40%
this
40%
too
40%
used
40%
we'll
40%
whacked
40%
what
40%
battery,
30%
bullets,
30%
Cool
30%
dap
30%
drillin'
30%
dust
30%
five,
30%
Havin'
30%
his
30%
honey
30%
hun-
30%
Keep
30%
make
30%
'Partment
30%
Ridin'
30%
rob
30%
Shaq,
30%
she
30%
She
30%
sleep
30%
street,
30%
tall,
30%
trap
30%
up
30%
women
30%
17
20%
18
20%
about
20%
argue,
20%
around
20%
Benz
20%
breakin'
20%
bust
20%
cussed
20%
doin'
20%
dollar
20%
dun
20%
fuss
20%
hard
20%
Hundred
20%
Kel-
20%
Lil
20%
mouth
20%
must
20%
never
20%
New
20%
Open
20%
pads
20%
ride
20%
rush
20%
rushed
20%
sellin'
20%
slow,
20%
so
20%
squealin'
20%
start
20%
Suck
20%
sweet,
20%
talkin',
20%
tank
20%
Tec
20%
thigh
20%
three-
20%
threesomes
20%
threw
20%
time
20%
touched
20%
walk
20%
weed
20%
whip
20%
Woah,
20%
woah,
20%
yard
20%
young
20%
No matching quizzes found
Score Distribution
Percent of People with Each Score
Percentile by Number Answered
Your Score History
You have not taken this quiz